Statistics for Gore, hribi - Julijske...

Click here to take the quiz!

General Stats

  • This quiz has been taken 103 times
  • The average score is 24 of 42

Answers on the Map

Answers color-coded by a green-red scale on the quiz's map according to % correct below.
 

Answer Stats

Answer% Correct
Pasja Ravan
84%
Stol
84%
Blegoš
81%
Storžič
81%
Tošč
81%
Kepa
79%
Matajur
79%
Jelovica
77%
Begunjščica
74%
Rombon
74%
Komna
72%
Mežakla
72%
Pokljuka
72%
Rodica
72%
Visoki Kanin
72%
Črna prst
70%
Mangrtsko sedlo
70%
Porezen
70%
Ratitovec
70%
Razor
70%
Tosc
67%
Triglav
65%
Polhograjska Grmada
63%
Škrlatica
56%
Svinjak
56%
Žirovski vrh
53%
Martuljške Ponce
51%
Rateške Ponce
51%
Jalovec
47%
Planina Zajamniki
44%
Visoka Vrtača
40%
Kladje
37%
Špik
35%
Dobrča
33%
Mladi vrh
33%
Ermanovec
30%
Prisank
30%
Stari vrh
30%
Viševnik
28%
Planina Krstenica
26%
Velo polje
23%
Travnik
16%

Score Distribution

Percentile by Number Answered

Percent of People with Each Score

Your Score History

You have not taken this quiz